000 00351nam a2200133Ia 4500
008 240624s9999 xx 000 0 und d
041 _aeng
082 _a658.88 JET
100 _aJETHWANT NIDHI
245 _aTREASURY AND RISK MANAGEMENT IN BANKS
260 _c2010
_aNew Delhi
_bAxis Publications
300 _av, : 279 : p. : cm. ; 21
365 _cRS
999 _c22737
_d22737